[Event "DEN-chT XtraCon 2018-19"]
[Site "Denmark"]
[Date "2019.03.16"]
[Round "8"]
[White "Pilgaard, Kim"]
[Black "Vinther-Schou, Uffe"]
[Result "1-0"]
[WhiteElo "2416"]
[BlackElo "2357"]
[Annotator "ChessBase"]
[PlyCount "65"]
[EventDate "2018.10.27"]
[EventType "team-tourn"]
[EventCountry "DEN"]
[SourceTitle "playchess.com"]
[Source "ChessBase"]
[SourceQuality "1"]
[TimeControl "40/5400+30:1800+30"]

1. d4 {[%emt 0:00:00]} Nf6 {[%emt 0:00:00]} 2. c4 {[%emt 0:00:09]} e6 {[%emt 0:02:17]} 3. Nc3 {[%emt 0:00:36]} Bb4 {[%emt 0:00:21]} 4. e3 {[%emt 0:02:28]} O-O {[%emt 0:02:40]} 5. Bd3 {[%emt 0:01:00]} c5 {[%emt 0:00:17]} 6. Nf3 {[%emt 0:04:06]} Nc6 {[%emt 0:02:42]} 7. O-O {[%emt 0:00:50]} Bxc3 {[%emt 0:01:33]} 8. bxc3 {[%emt 0:00:12]} d6 {[%emt 0:00:18]} 9. Re1 {[%emt 0:25:11]} e5 {[%emt 0:00:32]} 10. Nd2 {[%emt 0:00:17]} Re8 {[%emt 0:05:22]} 11. d5 {[%emt 0:02:17]} e4 {[%emt 0:12:09]} 12. Nxe4 {[%emt 0:00:49]} Nxe4 {[%emt 0:00:48]} 13. dxc6 {[%emt 0:00:45]} Qh4 {[%emt 0:16:42]} 14. Qc2 {[%emt 0:09:14]} bxc6 {[%emt 0:02:52]} 15. Rd1 {[%emt 0:14:39]} Nf6 {[%emt 0:16:17]} 16. f3 {[%emt 0:02:27]} d5 {[%emt 0:04:57]} 17. Rb1 {[%emt 0:01:12]} Be6 {[%emt 0:09:19]} 18. Bf1 {[%emt 0:02:25]} Nd7 {[%emt 0:08:21]} 19. cxd5 {[%emt 0:10:30]} cxd5 {[%emt 0:00:01]} 20. Bb5 {[%emt 0:00:13]} Red8 {[%emt 0:02:00]} 21. Ba3 {[%emt 0:00:33]} Rac8 {[%emt 0:01:13]} 22. Ba6 {[%emt 0:04:56]} Rc7 {[%emt 0:00:10]} 23. e4 {[%emt 0:03:52]} Nb6 {[%emt 0:04:11]} 24. exd5 {[%emt 0:00:40]} Nxd5 {[%emt 0:02:26]} 25. Qe4 {[%emt 0:02:31]} Qf6 {[%emt 0:01:12]} 26. Rbc1 {[%emt 0:02:33]} Bf5 {[%emt 0:01:23]} 27. Qe1 {[%emt 0:01:06]} Nf4 {[%emt 0:02:38]} 28. Rxd8+ {[%emt 0:00:44]} Qxd8 {[%emt 0:00:01]} 29. Qe5 {[%emt 0:01:18]} Nd3 {[%emt 0:00:05]} 30. Rd1 {[%emt 0:00:40]} Bg6 {[%emt 0:01:03]} 31. Bxd3 {[%emt 0:00:48]} Re7 32. Qxc5 Rd7 33. Re1 1-0

[Event "DEN-chT XtraCon 2018-19"]
[Site "Denmark"]
[Date "2019.03.16"]
[Round "8"]
[White "Hansen, Mads"]
[Black "Chatalbashev, Boris"]
[Result "0-1"]
[WhiteElo "2413"]
[BlackElo "2525"]
[Annotator "ChessBase"]
[PlyCount "80"]
[EventDate "2018.10.27"]
[EventType "team-tourn"]
[EventCountry "DEN"]
[SourceTitle "playchess.com"]
[Source "ChessBase"]
[SourceQuality "1"]
[TimeControl "40/5400+30:1800+30"]

1. e4 {[%emt 0:00:00]} g6 {[%emt 0:00:00]} 2. d4 {[%emt 0:00:00]} Bg7 {[%emt 0:00:00]} 3. Nf3 {[%emt 0:00:04]} d6 {[%emt 0:00:00]} 4. Bc4 {[%emt 0:00:11]} Nf6 {[%emt 0:00:00]} 5. Qe2 {[%emt 0:00:13]} O-O {[%emt 0:00:06]} 6. e5 {[%emt 0:03:17]} dxe5 {[%emt 0:00:06]} 7. dxe5 {[%emt 0:00:05]} Nd5 {[%emt 0:00:05]} 8. O-O {[%emt 0:05:11]} c6 {[%emt 0:00:06]} 9. h3 {[%emt 0:10:17]} Be6 {[%emt 0:00:08]} 10. a4 {[%emt 0:04:28]} Nd7 {[%emt 0:00:49]} 11. Na3 {[%emt 0:00:46]} Qc7 {[%emt 0:11:20]} 12. Re1 {[%emt 0:00:08]} a6 {[%emt 0:02:39]} 13. Bd2 {[%emt 0:06:25]} b5 {[%emt 0:01:17]} 14. Ba2 {[%emt 0:00:05]} Rfb8 {[%emt 0:09:28]} 15. a5 {[%emt 0:08:17]} c5 {[%emt 0:10:04]} 16. c4 {[%emt 0:01:22]} Nb4 {[%emt 0:01:59]} 17. Bb1 {[%emt 0:01:09]} bxc4 {[%emt 0:15:24]} 18. Nxc4 {[%emt 0:08:49]} Rb5 {[%emt 0:03:46]} 19. Ng5 {[%emt 0:05:57]} Nf8 {[%emt 0:09:11]} 20. Be4 {[%emt 0:03:12]} Rd8 {[%emt 0:00:07]} 21. Bc3 {[%emt 0:01:05]} Nd5 {[%emt 0:03:46]} 22. Nxe6 {[%emt 0:06:47]} Nxe6 {[%emt 0:00:04]} 23. Bxd5 {[%emt 0:12:53]} Rxd5 {[%emt 0:00:04]} 24. Qe4 {[%emt 0:00:37]} Qd8 {[%emt 0:12:17]} 25. Nd6 {[%emt 0:04:55]} Rd4 {[%emt 0:00:06]} 26. Bxd4 {[%emt 0:01:08]} exd6 {[%emt 0:00:07]} 27. Bc3 {[%emt 0:01:43]} d5 {[%emt 0:00:06]} 28. Qc2 {[%emt 0:00:35]} d4 {[%emt 0:00:35]} 29. Rad1 {[%emt 0:00:56]} Qd5 {[%emt 0:07:17]} 30. Bd2 {[%emt 0:00:38]} d3 {[%emt 0:01:45]} 31. Qc1 {[%emt 0:02:38]} Bxe5 {[%emt 0:01:21]} 32. Bc3 {[%emt 0:00:20]} Bxc3 {[%emt 0:04:46]} 33. Qxc3 {[%emt 0:00:02]} c4 {[%emt 0:00:16]} 34. Qf6 {[%emt 0:01:43]} Qf5 {[%emt 0:01:30]} 35. Qe7 {[%emt 0:01:48]} Rxb2 {[%emt 0:00:45]} 36. Qa7 {[%emt 0:01:11]} c3 {[%emt 0:03:32]} 37. Qe3 {[%emt 0:05:14]} d2 {[%emt 0:00:22]} 38. Rf1 {[%emt 0:00:44]} Qc5 {[%emt 0:00:15]} 39. Kh2 {[%emt 0:00:57]} Qxe3 {[%emt 0:00:55]} 40. fxe3 {[%emt 0:00:01]} Nc5 {[%emt 0:01:03]} 0-1

[Event "DEN-chT XtraCon 2018-19"]
[Site "Denmark"]
[Date "2019.03.16"]
[Round "8"]
[White "Percivaldi, Martin"]
[Black "Munk, Kai"]
[Result "*"]
[WhiteElo "2389"]
[BlackElo "1958"]
[Annotator "NA"]
[PlyCount "81"]
[EventDate "2018.10.27"]
[EventType "team-tourn"]
[EventCountry "DEN"]
[SourceTitle "playchess.com"]
[Source "ChessBase"]
[SourceQuality "1"]
[TimeControl "40/5400+30:1800+30"]

1. Nf3 {[%emt 0:00:00]} Nf6 {[%emt 0:00:00]} 2. g3 {[%emt 0:00:07]} g6 {[%emt 0:00:52]} 3. Bg2 {[%emt 0:00:17]} Bg7 {[%emt 0:00:23]} 4. d4 {[%emt 0:00:15]} d5 {[%emt 0:01:10]} 5. c4 {[%emt 0:00:25]} c6 {[%emt 0:00:40]} 6. O-O {[%emt 0:00:11]} O-O {[%emt 0:00:20]} 7. Qb3 {[%emt 0:00:34]} e6 {[%emt 0:10:39]} 8. Nc3 {[%emt 0:01:25]} Nbd7 {[%emt 0:00:17]} 9. Bf4 {[%emt 0:04:19] D78: Fianchetto Grünfeld: 6 0-0 c6} Qb6 {[%emt 0:11:12]} (9... b6 10. cxd5 exd5 11. Rfe1 Bb7 12. a4 c5 13. Bd6 c4 14. Qa3 Re8 15. Nd2 Rc8 16. a5 h5 {1-0 (78) Gordievsky,D (2622)-Korobov,A (2652) Wijk aan Zee 2018}) 10. c5 {[%emt 0:09:45]} Qxb3 {[%emt 0:05:19]} 11. axb3 {[%emt 0:00:02]} b6 {[%emt 0:00:21]} 12. cxb6 $146 {[%emt 0:04:06]} ({Predecessor:} 12. Bd6 Re8 13. b4 b5 14. Rfe1 Bb7 15. Ne5 a6 16. e4 Bf8 17. Bxf8 Kxf8 18. exd5 exd5 {½-½ (46) Simon,L (1936)-Ongut,T (1531) Budapest 2014}) 12... Nxb6 {[%emt 0:00:06]} 13. Bd6 {[%emt 0:07:28]} Re8 {[%emt 0:01:18]} 14. Ra5 {[%emt 0:05:02]} Nfd7 {[%emt 0:15:24]} 15. Rfa1 {[%emt 0:00:59]} a6 {[%emt 0:00:07]} 16. e3 {[%emt 0:00:49]} Bf8 {[%emt 0:03:02]} 17. Bxf8 {[%emt 0:04:17]} Kxf8 {[%emt 0:00:08]} 18. Bf1 {[%emt 0:00:38]} Nb8 {[%emt 0:00:38]} 19. Na2 {[%emt 0:06:01]} Re7 {[%emt 0:00:55]} 20. Ne5 {[%emt 0:02:50]} Rea7 {[%emt 0:01:10]} 21. Nb4 {[%emt 0:06:00]} Bb7 {[%emt 0:02:19]} 22. Rc1 {[%emt 0:03:24]} N6d7 {[%emt 0:03:22]} 23. Ned3 {[%emt 0:15:00]} Ke7 {[%emt 0:11:59]} 24. g4 {[%emt 0:00:13]} g5 {[%emt 0:01:47]} 25. Be2 {[%emt 0:01:04]} Kd6 {[%emt 0:04:21]} 26. h4 {[%emt 0:01:24]} h6 {[%emt 0:03:10]} 27. Kg2 {[%emt 0:01:41]} Bc8 {[%emt 0:03:01]} 28. hxg5 {[%emt 0:01:55]} hxg5 {[%emt 0:00:07]} 29. Rh1 {[%emt 0:00:49]} Rc7 {[%emt 0:02:50]} 30. Rh7 {[%emt 0:03:57]} f6 {[%emt 0:03:55]} 31. Nc5 {[%emt 0:00:21]} Rca7 $2 {[%emt 0:03:27]} (31... Nf8 $16 32. Rh6 Nbd7) 32. Rf7 {[%emt 0:04:04]} e5 {[%emt 0:02:03]} 33. f3 {[%emt 0:02:31]} Nxc5 {[%emt 0:00:56]} 34. dxc5+ {[%emt 0:00:30]} Ke6 {[%emt 0:00:34]} 35. Rf8 {[%emt 0:00:29]} Bb7 {[%emt 0:02:33]} 36. Rh8 {[%emt 0:01:53]} Nd7 {[%emt 0:02:25]} 37. Rh7 {[%emt 0:00:13]} Nf8 {[%emt 0:04:43]} 38. Rc7 {[%emt 0:04:02]} Rc8 {[%emt 0:00:51]} 39. Rg7 {[%emt 0:00:48]} f5 {[%emt 0:00:33]} 40. Bxa6 {[%emt 0:03:23]} Nd7 {[%emt 0:00:29]} 41. gxf5+ $18 {[%emt 0:30:09]} *

[Event "DEN-chT XtraCon 2018-19"]
[Site "Denmark"]
[Date "2019.03.16"]
[Round "8"]
[White "Lindgren, Philip"]
[Black "Bank, Pelle"]
[Result "1/2-1/2"]
[WhiteElo "2383"]
[BlackElo "2298"]
[Annotator "NA"]
[PlyCount "58"]
[EventDate "2018.10.27"]
[EventType "team-tourn"]
[EventCountry "DEN"]
[SourceTitle "playchess.com"]
[Source "ChessBase"]
[SourceQuality "1"]
[TimeControl "40/5400+30:1800+30"]

1. d4 {[%emt 0:00:00]} Nf6 {[%emt 0:00:00]} 2. c4 {[%emt 0:00:00]} g6 {[%emt 0:00:00]} 3. Nf3 {[%emt 0:00:13]} Bg7 {[%emt 0:00:06]} 4. Nc3 {[%emt 0:00:18]} O-O {[%emt 0:00:06]} 5. Bg5 {[%emt 0:00:32]} c6 {[%emt 0:03:19]} 6. e3 {[%emt 0:01:18]} a6 {[%emt 0:02:08]} 7. Be2 {[%emt 0:06:30]} b5 {[%emt 0:00:17]} 8. a3 {[%emt 0:04:39]} bxc4 {[%emt 0:02:35]} 9. Bxc4 {[%emt 0:00:16]} a5 {[%emt 0:03:08]} 10. O-O {[%emt 0:02:34]} Ba6 {[%emt 0:01:58]} 11. Bxa6 {[%emt 0:01:20]} Nxa6 {[%emt 0:00:15]} 12. Qe2 {[%emt 0:01:12]} Nc7 {[%emt 0:06:42]} 13. Rac1 {[%emt 0:11:37]} Rb8 {[%emt 0:00:54]} 14. Rc2 {[%emt 0:03:21]} Ne6 {[%emt 0:17:48]} 15. Bh4 {[%emt 0:03:14]} Rb7 {[%emt 0:18:26]} 16. h3 {[%emt 0:06:13]} Qa8 {[%emt 0:07:53]} 17. Rfc1 {[%emt 0:12:12]} Qa7 {[%emt 0:02:28]} 18. Na4 {[%emt 0:08:12]} h6 $14 {[%emt 0:04:02]} 19. Bxf6 {[%emt 0:07:24]} Bxf6 {[%emt 0:00:33]} 20. Nc5 {[%emt 0:02:47]} Nxc5 {[%emt 0:00:09]} 21. Rxc5 {[%emt 0:00:06]} Rfb8 {[%emt 0:01:06]} 22. R1c2 {[%emt 0:00:07]} Rb3 {[%emt 0:09:58]} 23. Ne1 {[%emt 0:04:08]} Qb6 {[%emt 0:01:33]} 24. Nd3 {[%emt 0:01:09]} Qa6 {[%emt 0:00:13]} 25. R5c4 {[%emt 0:07:29]} d6 {[%emt 0:03:44]} 26. Nc1 {[%emt 0:12:04]} R3b6 {[%emt 0:05:23]} 27. Nd3 {[%emt 0:01:39]} Rb3 {[%emt 0:00:46]} 28. Nc1 {[%emt 0:00:06]} R3b6 {[%emt 0:01:00]} 29. Nd3 {[%emt 0:01:25]} Rb3 1/2-1/2

[Event "DEN-chT XtraCon 2018-19"]
[Site "Denmark"]
[Date "2019.03.16"]
[Round "8"]
[White "Skytte, Rasmus"]
[Black "Hoi, Carsten"]
[Result "1-0"]
[WhiteElo "2372"]
[BlackElo "2359"]
[Annotator "NA"]
[PlyCount "57"]
[EventDate "2018.10.27"]
[EventType "team-tourn"]
[EventCountry "DEN"]
[SourceTitle "playchess.com"]
[Source "ChessBase"]
[SourceQuality "1"]
[TimeControl "40/5400+30:1800+30"]

1. e4 {[%emt 0:00:00]} g6 {[%emt 0:02:37]} 2. d4 {[%emt 0:00:00]} Bg7 {[%emt 0:00:32]} 3. Bc4 {[%emt 0:01:50]} c6 {[%emt 0:04:06]} 4. Nc3 {[%emt 0:04:02]} d5 {[%emt 0:05:52]} 5. exd5 {[%emt 0:00:39]} b5 {[%emt 0:00:37]} 6. Bb3 {[%emt 0:09:27]} b4 {[%emt 0:02:20]} 7. Nce2 {[%emt 0:07:14]} cxd5 {[%emt 0:00:43]} 8. Nf3 {[%emt 0:05:42]} Nf6 {[%emt 0:03:56]} 9. O-O {[%emt 0:01:10]} O-O {[%emt 0:00:10]} 10. Ne5 {[%emt 0:02:25]} Bb7 {[%emt 0:13:01]} 11. a3 {[%emt 0:08:32]} bxa3 {[%emt 0:01:45]} 12. Rxa3 {[%emt 0:00:31]} Nbd7 {[%emt 0:00:45]} 13. Bf4 {[%emt 0:03:26] B06: Modern Defence} Nh5 $146 {[%emt 0:03:29]} ({Predecessor:} 13... Nxe5 14. Bxe5 Ne4 15. Bxg7 Kxg7 16. Nf4 e6 17. Qe2 Qf6 18. Qe3 Rfb8 19. Rfa1 a6 20. Nd3 Bc8 {1-0 (47) Ftacnik,L (2610)-Schneider,B (2420) Vienna 1996}) 14. Nxd7 {[%emt 0:02:18]} Qxd7 {[%emt 0:01:00]} 15. Be3 {[%emt 0:03:06]} Nf6 {[%emt 0:02:28]} 16. Nc3 {[%emt 0:03:21]} Ne4 {[%emt 0:16:57]} 17. Nxe4 {[%emt 0:02:17]} dxe4 {[%emt 0:01:17]} 18. Qa1 {[%emt 0:01:34]} a6 {[%emt 0:03:25]} 19. Rd1 {[%emt 0:03:00]} Kh8 {[%emt 0:01:37]} (19... e6 $14) 20. Ra5 {[%emt 0:04:11]} f5 {[%emt 0:03:47]} 21. Bf4 {[%emt 0:01:57]} Rad8 {[%emt 0:05:09]} 22. Qa3 $16 {[%emt 0:09:06]} e3 {[%emt 0:16:31]} 23. fxe3 {[%emt 0:01:33]} Qc6 {[%emt 0:00:59]} 24. Rd2 {[%emt 0:04:00]} Rxd4 {[%emt 0:04:35]} 25. Bd5 {[%emt 0:13:40]} Rxd5 {[%emt 0:00:34]} 26. Raxd5 {[%emt 0:00:16]} Qb6 {[%emt 0:02:57]} 27. Rd7 {[%emt 0:01:36]} g5 {[%emt 0:01:39]} 28. Qxe7 {[%emt 0:02:12]} Qxb2 {[%emt 0:00:30]} 29. Rd8 {[%emt 0:01:25]} 1-0

[Event "DEN-chT XtraCon 2018-19"]
[Site "Denmark"]
[Date "2019.03.16"]
[Round "8"]
[White "Aabling-Thomsen, Jakob"]
[Black "Skytte Hagen, Andreas"]
[Result "0-1"]
[WhiteElo "2369"]
[BlackElo "2367"]
[Annotator "NA"]
[PlyCount "116"]
[EventDate "2018.10.27"]
[EventType "team-tourn"]
[EventCountry "DEN"]
[SourceTitle "playchess.com"]
[Source "ChessBase"]
[SourceQuality "1"]
[TimeControl "40/5400+30:1800+30"]

1. c4 {[%emt 0:00:00]} Nf6 {[%emt 0:00:00]} 2. Nc3 {[%emt 0:00:00]} g6 {[%emt 0:00:00]} 3. d4 {[%emt 0:00:03]} Bg7 {[%emt 0:00:00]} 4. e4 {[%emt 0:00:08]} d6 {[%emt 0:00:00]} 5. Nf3 {[%emt 0:00:06]} O-O {[%emt 0:00:00]} 6. Be3 {[%emt 0:00:05]} e5 {[%emt 0:00:37]} 7. dxe5 {[%emt 0:01:15]} dxe5 {[%emt 0:00:16]} 8. Qxd8 {[%emt 0:00:08]} Rxd8 {[%emt 0:00:05]} 9. Nd5 {[%emt 0:00:06]} Na6 {[%emt 0:11:57]} 10. O-O-O {[%emt 0:37:24]} Bg4 {[%emt 0:15:59] E90: King's Indian: Classical: Early deviations and 6 h3} 11. Bg5 {[%emt 0:10:17]} Rd6 {[%emt 0:00:36]} 12. Bxf6 {[%emt 0:02:34]} Bxf6 {[%emt 0:00:14]} 13. Be2 {[%emt 0:00:57] [#]} Bxf3 $146 {[%emt 0:05:04]} ({Predecessor:} 13... Kg7 14. Nd4 Bg5+ 15. Kb1 exd4 16. Bxg4 {0-1 (49) Pshmahov,O (2075)-Iljiushenok,I (2517) Samara 2017}) 14. Bxf3 {[%emt 0:08:22]} Bg5+ {[%emt 0:00:46]} 15. Kb1 {[%emt 0:01:57]} c6 {[%emt 0:01:13]} 16. h4 {[%emt 0:04:23]} Bd8 {[%emt 0:07:55]} 17. Ne3 {[%emt 0:05:57]} Rxd1+ {[%emt 0:07:52]} 18. Bxd1 {[%emt 0:06:29]} Nc5 {[%emt 0:07:48]} 19. Bc2 {[%emt 0:01:07]} Ne6 {[%emt 0:02:16]} 20. Ng4 {[%emt 0:05:23]} Bc7 {[%emt 0:01:10]} 21. h5 {[%emt 0:00:46]} Rd8 {[%emt 0:01:44]} 22. Kc1 {[%emt 0:10:05]} Kg7 {[%emt 0:05:51]} 23. g3 {[%emt 0:01:55]} f6 {[%emt 0:01:56]} 24. hxg6 {[%emt 0:00:28]} hxg6 {[%emt 0:00:10]} 25. Rd1 {[%emt 0:01:00]} Bd6 {[%emt 0:06:52]} 26. a3 {[%emt 0:00:41]} a5 {[%emt 0:00:37]} 27. Rd3 {[%emt 0:00:51]} Nd4 {[%emt 0:01:08]} 28. Bd1 {[%emt 0:00:07]} Rh8 {[%emt 0:01:28]} 29. f4 {[%emt 0:01:04]} Rh1 {[%emt 0:04:17]} 30. fxe5 {[%emt 0:00:38]} Bxe5 {[%emt 0:01:44]} 31. Nxe5 {[%emt 0:00:17]} fxe5 {[%emt 0:00:08]} 32. Kd2 {[%emt 0:00:12]} c5 {[%emt 0:04:56]} 33. Kc3 {[%emt 0:00:01]} Re1 {[%emt 0:00:36]} 34. b4 {[%emt 0:00:12]} b6 {[%emt 0:00:53]} 35. bxc5 {[%emt 0:01:52]} bxc5 {[%emt 0:00:06]} 36. Kd2 {[%emt 0:00:08]} Rxe4 {[%emt 0:01:28]} 37. Re3 {[%emt 0:00:56]} Rxe3 {[%emt 0:01:06]} 38. Kxe3 {[%emt 0:00:02]} Kf6 {[%emt 0:00:21]} 39. Ke4 {[%emt 0:00:11]} Ke6 {[%emt 0:00:16]} 40. Bg4+ {[%emt 0:01:05]} Kd6 {[%emt 0:00:11]} 41. Bd1 {[%emt 0:30:22]} Nf5 {[%emt 0:35:31]} 42. Kf3 $2 {[%emt 0:00:00]} (42. g4 $17 Nh6 43. Bf3) 42... Ke6 {[%emt 0:00:00]} 43. Kf2 {[%emt 0:00:00]} Nd6 {[%emt 0:00:00]} 44. Be2 {[%emt 0:00:00]} e4 {[%emt 0:00:00]} 45. g4 {[%emt 0:00:00]} Kf6 {[%emt 0:00:00]} 46. Bf1 {[%emt 0:00:00]} Kg5 {[%emt 0:00:00]} 47. Kg3 {[%emt 0:00:00]} Nf7 {[%emt 0:00:00]} 48. Bg2 {[%emt 0:00:00]} e3 $19 {[%emt 0:01:37]} 49. Kf3 {[%emt 0:00:00]} Ne5+ {[%emt 0:01:44]} 50. Kxe3 {[%emt 0:00:00]} Nxc4+ {[%emt 0:00:59]} 51. Ke4 {[%emt 0:00:00]} Kxg4 {[%emt 0:00:25]} 52. Bf3+ {[%emt 0:00:00]} Kg3 {[%emt 0:00:08]} 53. Be2 {[%emt 0:00:04]} Nxa3 {[%emt 0:00:07]} 54. Kd3 {[%emt 0:01:11]} Kf4 {[%emt 0:02:03]} 55. Kc3 {[%emt 0:00:32]} Ke3 {[%emt 0:00:41]} 56. Ba6 {[%emt 0:02:56]} c4 {[%emt 0:00:20]} 57. Kb2 {[%emt 0:01:26]} Kd2 {[%emt 0:00:05]} 58. Kxa3 {[%emt 0:00:57]} c3 {[%emt 0:00:06]} 0-1

[Event "DEN-chT XtraCon 2018-19"]
[Site "Denmark"]
[Date "2019.03.16"]
[Round "8"]
[White "Vasli, Aref"]
[Black "Filip Rendboe, John"]
[Result "1/2-1/2"]
[WhiteElo "2357"]
[BlackElo "2170"]
[Annotator "NA"]
[PlyCount "122"]
[EventDate "2018.10.27"]
[EventType "team-tourn"]
[EventCountry "DEN"]
[SourceTitle "playchess.com"]
[Source "ChessBase"]
[SourceQuality "1"]
[TimeControl "40/5400+30:1800+30"]

1. e4 {[%emt 0:00:00]} c5 {[%emt 0:00:00]} 2. Nf3 {[%emt 0:00:00]} Nc6 {[%emt 0:00:00]} 3. d4 {[%emt 0:00:00]} cxd4 {[%emt 0:00:00]} 4. Nxd4 {[%emt 0:00:00]} e5 {[%emt 0:01:20]} 5. Nb5 {[%emt 0:00:00]} Nf6 {[%emt 0:00:33]} 6. N1c3 {[%emt 0:00:17]} d6 {[%emt 0:00:15]} 7. a4 {[%emt 0:00:07]} a6 {[%emt 0:01:01]} 8. Na3 {[%emt 0:00:02]} Bg4 {[%emt 0:00:32] B33: Sicilian: Pelikan and Sveshnikov Variations} 9. Qd3 {[%emt 0:00:11]} Nb4 {[%emt 0:15:40]} 10. Qg3 {[%emt 0:00:08]} Be7 {[%emt 0:01:16]} 11. Bc4 {[%emt 0:12:52]} Rc8 $146 {[%emt 0:06:56]} ({Predecessor:} 11... Qd7 12. h3 Be6 13. Bxe6 Qxe6 14. Bg5 Nh5 15. Qf3 g6 16. Bxe7 Qxe7 17. Ne2 {0-1 (31) Bubalovic,D (2297)-Csiszar,C (2423) Harkany 2009}) 12. O-O {[%emt 0:00:08]} O-O {[%emt 0:09:46]} 13. Bb3 {[%emt 0:05:22]} Qd7 {[%emt 0:03:26]} 14. Bg5 {[%emt 0:07:59]} Nh5 {[%emt 0:03:47]} 15. Qh4 {[%emt 0:01:48]} Bxg5 {[%emt 0:00:17]} 16. Qxg5 {[%emt 0:00:09]} Nf4 {[%emt 0:01:15]} 17. f3 {[%emt 0:02:26]} (17. Kh1 $15) 17... Be6 {[%emt 0:06:34]} 18. Rad1 {[%emt 0:02:48] [#]} Nbd3 $1 {[%emt 0:02:27]} 19. Rxd3 {[%emt 0:05:33]} Bxb3 {[%emt 0:00:45]} 20. Rd2 {[%emt 0:00:13]} Bxa4 {[%emt 0:02:01]} 21. Rfd1 {[%emt 0:13:55]} Ne6 {[%emt 0:04:48]} 22. Qf5 {[%emt 0:06:30]} Nd4 {[%emt 0:16:13]} 23. Qxd7 {[%emt 0:00:31]} Bxd7 {[%emt 0:00:06]} 24. Nd5 {[%emt 0:00:07]} Rce8 {[%emt 0:03:03]} 25. Nb6 {[%emt 0:02:58]} Bc6 {[%emt 0:02:07]} 26. c3 {[%emt 0:02:20]} Nb5 {[%emt 0:04:17]} 27. Nxb5 {[%emt 0:02:24]} Bxb5 {[%emt 0:00:58]} 28. Rxd6 {[%emt 0:00:20]} f5 {[%emt 0:00:11]} 29. exf5 {[%emt 0:07:18]} Rxf5 {[%emt 0:00:22]} 30. Nd5 {[%emt 0:00:33]} Bc6 {[%emt 0:02:23]} 31. Nb4 {[%emt 0:03:11]} Bb5 {[%emt 0:00:18]} 32. Rb6 {[%emt 0:02:52]} Rf7 {[%emt 0:00:36]} 33. b3 {[%emt 0:03:56]} Rc8 {[%emt 0:05:01]} 34. c4 {[%emt 0:00:56]} Be8 {[%emt 0:00:29]} 35. Re6 {[%emt 0:01:28]} b5 {[%emt 0:03:09]} 36. c5 {[%emt 0:09:23]} a5 {[%emt 0:01:44]} 37. Nd5 {[%emt 0:00:09]} Kf8 {[%emt 0:00:34]} 38. Rc1 {[%emt 0:02:46]} a4 {[%emt 0:02:20]} 39. b4 {[%emt 0:01:43]} a3 {[%emt 0:01:38]} 40. Ra6 {[%emt 0:00:52]} Bc6 {[%emt 0:00:31]} 41. Nc3 {[%emt 0:33:08]} Rf4 {[%emt 0:30:36]} 42. Rb1 {[%emt 0:00:00]} Rc4 {[%emt 0:00:00]} 43. Rxa3 {[%emt 0:00:00]} Rd8 {[%emt 0:00:00]} 44. Ne2 {[%emt 0:00:00]} e4 {[%emt 0:00:00]} 45. Kf2 {[%emt 0:00:00]} Rd3 {[%emt 0:00:00]} 46. Rxd3 {[%emt 0:00:00]} exd3 {[%emt 0:00:00]} 47. Nc1 {[%emt 0:00:00]} Rxb4 $1 {[%emt 0:00:00]} 48. Nb3 {[%emt 0:00:00]} Kf7 {[%emt 0:00:00]} 49. Ke3 {[%emt 0:00:00]} Bd7 {[%emt 0:00:00]} 50. Nd2 {[%emt 0:00:00]} Rxb1 {[%emt 0:00:00]} 51. Nxb1 {[%emt 0:00:00]} Kf6 {[%emt 0:00:00]} 52. Nc3 {[%emt 0:00:05]} g5 {[%emt 0:00:00]} 53. Ne4+ {[%emt 0:02:36]} Ke5 {[%emt 0:00:00]} 54. Kxd3 {[%emt 0:00:02]} Bf5 {[%emt 0:00:00]} 55. Kc3 {[%emt 0:00:36]} g4 {[%emt 0:00:00]} 56. Nd6 {[%emt 0:00:46]} gxf3 $11 {[%emt 0:00:23]} 57. Nxf5 {[%emt 0:00:14]} fxg2 {[%emt 0:01:13]} 58. Nh4 {[%emt 0:00:07]} g1=N {[%emt 0:00:18]} 59. Kb4 {[%emt 0:00:01]} Kd5 {[%emt 0:00:40]} 60. Kxb5 {[%emt 0:00:13]} Ne2 {[%emt 0:00:08]} 61. Nf3 {[%emt 0:00:28]} Nc3+ {[%emt 0:00:14]} 1/2-1/2